Newnes workshop Engineer's pocket book (Record no. 32)

MARC details
000 -LEADER
Fixed length control field 00532nam a2200205 4500
003 - CONTROL NUMBER IDENTIFIER
Control field SEACOMMC
005 - DATE AND TIME OF LATEST TRANSACTION
Control field 20231010051855.0
008 - FIXED-LENGTH DATA ELEMENTS--GENERAL INFORMATION
Fixed length control field 231010b |||||||| |||| 00| 0 eng d
020 ## - INTERNATIONAL STANDARD BOOK NUMBER / ISBN
Price Rs. 395.00
040 ## - CATALOGING SOURCE
Original cataloging agency SEACOMMC
082 ## - DEWEY DECIMAL CLASSIFICATION NUMBER
Classification number 631.30402462
Book Number TIM
100 1# - MAIN ENTRY--PERSONAL NAME
Personal name Timings, Roger
245 1# - TITLE STATEMENT
Title Newnes workshop Engineer's pocket book
Statement of responsibility Roger Timings
250 ## - EDITION STATEMENT
Edition statement 3rd ed.
260 ## - IMPRINT
Place of publication Oxford
Name of publisher Newnes
Date of publication 2002
650 ## - SUBJECT ADDED ENTRY--TOPICAL TERM
Topical term Engineering
650 ## - SUBJECT ADDED ENTRY--TOPICAL TERM
Topical term Agriculture
650 ## - SUBJECT ADDED ENTRY--TOPICAL TERM
Topical term Tools, machinery, apparatus, equipment
942 ## - ADDED ENTRY ELEMENTS (KOHA)
Koha item type Books
Holdings
Withdrawn status Lost status Source of classification Damaged status Not for loan Home library Current library Date acquired Total Checkouts Call number Accession number Date last seen Price effective from Koha item type
    Dewey Decimal Classification     SEACOM MANAGEMENT COLLEGE SEACOM MANAGEMENT COLLEGE 20/07/2006   631.30402462 TIM 03936 10/10/2023 10/10/2023 Books
© Seacom Engineering College, All rights reserved.    Powered by Koha